James y el melocotón gigante / (Registro nro. 10921)

Detalles MARC
000 -LIDER
fixed length control field 00972nam a22003137a 4500
001 - NÚMERO DE CONTROL
Identificador de número de control 000399
003 - IDENTIFICACDOR DE NÚMERO DE CONTROL
control field DO-SdBNP
005 - DATE AND TIME OF LATEST TRANSACTION
control field 20180223131246.0
007 - CAMPOS FIJOS DE DESCRIPCIÓN FÍSICA
fixed length control field 000399
008 - ELEMENTOS DE LONGITUD FIJA
fixed length control field 160718b 1999 mx a 00| 0 spa d
020 ## - ISBN
International Standard Book Number 968190625X
040 ## - FUENTE DE CATALOGACIÓN
Agencia que crea de manera original el registro BPMSU
Idioma de catalogación spa
Agencia que realiza la transcripción BPMSU
041 ## - CÓDIGOS DE OBRAS TRADUCIDAS O EN VARIOS IDIOMAS
Código del idioma del texto/archivo de sonido o separata spa
Cód. del idioma original y/o traducciones intermedias del texto eng
082 #4 - NÚMERO DE CLASIFICACIÓN DECIMAL DE DEWEY
Classification number xxxxx
Item number xxxxx
100 1# - ASIENTO PRINCIPAL -- NOMBRE PERSONAL
Nombre personal Dahl, Roald,
Fechas asociadas con el nombre 1916-1990.
240 ## - TITULO UNIFORME
Título uniforme James and the giant peach.
Idioma de una obra Español
245 1# - MENCIÓN DE TITULO
Título James y el melocotón gigante /
Mención de responsabilidad Roald Dahl ; traducción de Leopoldo Rodríguez ; ilustraciones de Quentin Blake.
260 ## - PUBLICACIÓN, DISTRIBUCIÓN, ETC. (PIE DE IMPRENTA)
Lugar de publicación, distribución, etc México :
Nombre del editor, distribuidor, etc. Alfaguara,
Fecha de publicación, distribución, etc 1999.
300 ## - DESCRIPCIÓN FÍSICA
Extensión 178 p. :
Otros detalles físicos il. ;
Dimensiones 20 cm.
490 ## - MENCIÓN DE SERIES
Mención de serie
500 ## - NOTA GENERAL
Nota general Incluye datos biográficos del autor.
500 ## - NOTA GENERAL
Nota general Primera reimpresión: junio de 2000.
700 12 - ASIENTO SECUNDARIO -- NOMBRE PERSONAL
Nombre personal Blake, Quentin,
Fechas asociadas con el nombre 1932-
700 12 - ASIENTO SECUNDARIO -- NOMBRE PERSONAL
Nombre personal Rodríguez, Leopoldo,
Mención de responsabilidad tr.
700 12 - ASIENTO SECUNDARIO -- NOMBRE PERSONAL
Nombre personal Puncel, María
942 ## - ADDED ENTRY ELEMENTS (KOHA)
Source of classification or shelving scheme Dewey Decimal Classification
Koha item type Libros
945 ## - INFORMACIÓN DE PROCESAMIENTO LOCAL
Información de procesamiento local Inventariado, 2018 / BT
956 ## - LOCAL ELECTRONIC LOCATION AND ACCESS (OCLC)
Método de acceso LOPEREZ
Materiales especificados 10
Enlace 20160718
Campo enlazado y núm. de secuencia BPMSU
Nombre de host 00041
Existencias
Withdrawn status Lost status Source of classification or shelving scheme Damaged status Not for loan Collection code Home library Current library Date acquired Source of acquisition Total Checkouts Full call number Barcode Date last seen Price effective from Koha item type
    Dewey Decimal Classification     Colección Juvenil General Biblioteca Pública Metropolitana Salomé Ureña Biblioteca Pública Metropolitana Salomé Ureña 07/18/2016 ALFAGUARA   xxxxx xxxxx BPMSU16070522 07/18/2016 07/18/2016 Libros